00436nam a2200205Ia 4500003000900000008004100009040001300050040001300063041000800076100001900084245003200103250001000135260001400145260000900159300001100168300001000179490002300189490000900212710000900221IT-RoPAU120407s9999 xx 000 0 und d aIT-RoPAU cIT-RoPAU aita aViolette Leduc aQuestioni storiche moderne. aParis aGallimard c1987 a189 p. c21 cm aLes temps modernes v1495 aetc.